| 000 | 00658nam a22002057a 4500 | ||
|---|---|---|---|
| 999 |
_c175693 _d175693 |
||
| 005 | 20200915151058.0 | ||
| 010 | _aB-732632 | ||
| 020 |
_a9789388754088 _c399.00 |
||
| 035 | _aB-732632 | ||
| 037 | _bWestland Publications | ||
| 082 | _aN | ||
| 100 | _aAmish | ||
| 245 |
_aRaavan: _benemy of Aryavarta / _cby Amish |
||
| 260 |
_aChennai _bWestland Publications _c2019 |
||
| 270 |
_a1st Floor, A Block, East Wing, Plot No. 40, SP Infocity, Perungudi _bChennai _e600096 |
||
| 300 |
_a374p. _c20cm(pbk) |
||
| 490 | _aRam Chandra Series Book 3 | ||
| 942 |
_2ddc _cEN _mAMI _hN |
||